Представление документа в формате RUSMARC

ПолеНазваниеЗначение
  Тип записи a
  Библиографический уровень a
001 Контрольный номер RU/CBS_UL/BASE/636308475
005 Дата корректировки 20250122233009.1
100 Данные общей обработки __
a Данные общей обработки 20200229d2020 ||| 0rusy0189 ca
101 Язык документа 0_
a Язык текста rus
102 Страна публикации __
a Страна публикации RU
105 Кодированные данные (монография) __
a Кодированные данные (монография) y###||||000|y
200 Заглавие и сведения об ответственности 1_
a Заглавие Запрос на суверенитет
b Общее обозначение материала Текст
e Сведения, относящиеся к заглавию [о том, почему обсуждение поправок к Конституции РФ затронуло самые наболевшие вопросы]
g Последующие сведения об ответственности подгот.. В. Юрьев, П. Городов, С. Осипов
g Последующие сведения об ответственности фот. А. Новодержкин
300 Общие примечания __
a Общие примечания Ограничения по возрасту - 16+
461 Уровень набора _0
1 2000
a Аргументы и факты
463 Уровень физической единицы _0
1 001RU/CBS_UL/BASE/636303246
1 2000
a № 9 (26 февраля)
v С. 5 : фот.
1 210
d 2020
606 Тематические рубрики 0_
a Основная рубрика Конституция - Российская Федерация - Обсуждение поправок, 2020
610 Ключевые слова 0_
a Ключевые слова законодательство
a Ключевые слова законы
a Ключевые слова конституционное право
a Ключевые слова Конституция РФ
a Ключевые слова российская Конституция
a Ключевые слова конституционные права
a Ключевые слова право
a Ключевые слова поправки к Конституции РФ
686 Индексы других классификаций __
a Классификационный индекс 67.400
2 Код системы ББК
801 Источник записи _0
a Страна RU
b Организация МБУК ЦБС г. Ульяновска
c Дата составления 20200229
g Правила каталогизации RCR
801 Источник записи _1
a Страна RU
b Организация МБУК ЦБС г. Ульяновска
c Дата составления 20200229
g Правила каталогизации RCR
901 Тип документа __
t Тип документа f
w Контрольный № источника RU/CBS_UL/BASE/636303246
910 Корректоры записи __
a Корректор записи Библиотека 1
938 Служебная информация __
a Имя БД period